Eastern Utah Libraries Catalog: Duchesne, Heber, Roosevelt, & Vernal

Masterpiece: Tom Jones (Record no. 383689)

MARC details
000 -LEADER
fixed length control field 01631nam a2200349Ia 4500
007 - PHYSICAL DESCRIPTION FIXED FIELD--GENERAL INFORMATION
fixed length control field vd cvaizk
008 - FIXED-LENGTH DATA ELEMENTS--GENERAL INFORMATION
fixed length control field 230418s2023 200 ## v eng d
024 ## - OTHER STANDARD IDENTIFIER
Standard number or code 841887047067
Qualifying information (videorecording)
040 ## - CATALOGING SOURCE
Original cataloging agency CTMMSN
Language of cataloging eng
Description conventions rda
Transcribing agency CTMMSN
082 #4 - DEWEY DECIMAL CLASSIFICATION NUMBER
Classification number [FIC]
245 00 - TITLE STATEMENT
Title Masterpiece: Tom Jones
Medium [videorecording].
264 ## - Production, Publication, Distribution, Manufacture, and Copyright Notice.
Place of production, publication, distribution, manufacture [Place of publication not identified?]:
Name of producer, publisher, distributor, manufacturer PBS Distribution LLC,
Date of production, publication, distribution, manufacture, or copyr 2023
264 ## - Production, Publication, Distribution, Manufacture, and Copyright Notice.
Place of production, publication, distribution, manufacture Old Saybrook, Connecticut :
Name of producer, publisher, distributor, manufacturer www.micromarketing.org
300 ## - PHYSICAL DESCRIPTION
Extent [2 videodisc (approximately 200 minutes)?] :
Other physical details sound, color;
Dimensions 4 3/4 in.
336 ## - Content Type
Content type term two-dimensional moving image
337 ## - Media type
Media type term video
338 ## - Carrier type
Carrier type term videodisc
344 ## -
-- digital
-- optical
-- rda
345 ## -
-- widescreen (1.78:1)
-- 24 fps
-- rda.
346 ## -
-- NTSC
-- rda
347 ## -
-- video file
-- DVD video
-- region 1
-- rda
490 0# - SERIES STATEMENT
Series statement Masterpiece: Tom Jones;
Volume number/sequential designation N/A
500 ## - GENERAL NOTE
General note [Typographic symbols and accents removed for systems compatibility.]
500 ## - GENERAL NOTE
General note Widescreen edition.
520 ## - SUMMARY, ETC.
Summary, etc Abandoned as a baby, rescued and adopted by a country gentleman, Tom Jones (Solly McLeod, House of the Dragon) grows up kind, handsome, free-spirited, and very popular with the ladies. But he cannot escape his lowly birth. High School (9-12) Broadcast Date: 4/30/23 PBS; 841887047067; 2 Disc(s); 200 min; Documentary; TV14; 05/23/23
521 ## - TARGET AUDIENCE NOTE
Target audience note Rating: TV14.
538 ## - SYSTEM DETAILS NOTE
System details note DVD, color, widescreen, NTSC.
650 #7 - SUBJECT ADDED ENTRY--TOPICAL TERM
Topical term or geographic name as entry element Documentaries
Source of heading or term bisacsh
9 (RLIN) 5803517
655 ## - INDEX TERM--GENRE/FORM
Genre/form data or focus term Video recordings.
Source of term lcgft
710 ## - ADDED ENTRY--CORPORATE NAME
Corporate name or jurisdiction name as entry element PBS Distribution LLC
9 (RLIN) 6434637
949 ## - LOCAL PROCESSING INFORMATION (OCLC)
n www.MicroMarketing.org 800-229-9887
Holdings
Withdrawn status Lost status Source of classification or shelving scheme Materials specified (bound volume or other part) Damaged status Not for loan Collection code Home library Current library Shelving location Date acquired Source of acquisition Serial Enumeration / chronology Total Checkouts Total Renewals Full call number Barcode Date last seen Date checked out Cost, replacement price Price effective from Koha item type
    Dewey Decimal Classification 2 discs     Movies Wasatch County Library Wasatch County Library Audio Visual Area 05/31/2023 Micromarketing Season 1 3 2 DVD Tom 34301002018176 03/07/2024 07/12/2023 29.99 05/31/2023 DVD
This project was made possible through a grant from the Institute of Museum and Library Service administered by the Utah State Library Division.

Wasatch County Library

  • 465 East 1200 South, Heber City, Utah 84032
  • Phone 435-654-1511 | Fax 435-654-6456

Hours

  • Monday - Friday 9:30 AM - 8:00 PM
  • Saturday 9:30 AM - 1:30 PM
  • Closed Sundays and Holidays